000 00253nam a2200097Ia 4500
001 1000522
005 20250826230353.0
008 250824s9999 xx 000 0 und d
245 0 _aKRAL KAYBEDERSE
_cGÜLSEREN BUĞDAYCIOĞLU
260 _bREMZİ KİTABEVİ
999 _c1000522
_d1000522